书目信息 |
| 题名: |
中国刑事诉讼法
|
|
| 作者: | 王贵国总 主编 | |
| 分册: | ||
| 出版信息: | 北京 法律出版社 1998.01 |
|
| 页数: | 229页 | |
| 开本: | 16开 | |
| 丛书名: | ||
| 单 册: | ||
| 中图分类: | D925.25 | |
| 科图分类: | ||
| 主题词: | 法律--中国 | |
| 电子资源: | ||
| ISBN: | 7-5036-2300-4 | |
| 000 | 00563nam0 2200193 45 | |
| 001 | 0010261801 | |
| 005 | 20001026182733.0 | |
| 010 | @a7-5036-2300-4@d24.00元 | |
| 100 | @a20001026d1998 km y0chiy0120 ea | |
| 101 | 0 | @achi |
| 105 | @a z 000yy | |
| 200 | 1 | @a中国刑事诉讼法@AZhong Guo Xing Shi Su Song Fa@f王贵国总主编@FWang Gui Guo Zong Zhu Bian |
| 210 | @a北京@c法律出版社@d1998.01 | |
| 215 | @a229页@d16开 | |
| 606 | 0 | @a法律@x中国 |
| 690 | @aD925.25@v3 | |
| 701 | 0 | @a王贵国总@4主编 |
| 801 | @aCN@bPftUser@c20001026 | |
| 905 | @b191536-538@dD925.25@eCH203@f3 | |
| 中国刑事诉讼法/王贵国总主编.-北京:法律出版社,1998.01 |
| 229页;16开 |
| ISBN 7-5036-2300-4:24.00元 |
| ● |
| 相关链接 |
|
|
|
正题名:中国刑事诉讼法
索取号:D925.25/CH203
 
预约/预借
| 序号 | 登录号 | 条形码 | 馆藏地/架位号 | 状态 | 备注 |
| 1 | 191536 | 201915366 | 社科库509/509社科库 102排1列4层/ [索取号:D925.25/CH203] | 在馆 | |
| 2 | 191537 | 201915375 | 社科库509/509社科库 102排1列4层/ [索取号:D925.25/CH203] | 在馆 | |
| 3 | 191538 | 201915384 | 社科库509/509社科库 102排1列4层/ [索取号:D925.25/CH203] | 在馆 |